Building Materials (Record no. 5282)

MARC details
000 -LEADER
fixed length control field 00323nam a2200145Ia 4500
008 - FIXED-LENGTH DATA ELEMENTS--GENERAL INFORMATION
fixed length control field 191201s2013 xx 000 0 und d
082 ## - DEWEY DECIMAL CLASSIFICATION NUMBER
Classification number 691
Item number VAB
100 ## - MAIN ENTRY--PERSONAL NAME
Personal name VARGHESE, P.C
245 #0 - TITLE STATEMENT
Title Building Materials
250 ## - EDITION STATEMENT
Edition statement Rep
260 ## - PUBLICATION, DISTRIBUTION, ETC. (IMPRINT)
Place of publication, distribution, etc N. Delhi
Name of publisher, distributor, etc PHI
Date of publication, distribution, etc 2013
300 ## - PHYSICAL DESCRIPTION
Extent 267
650 ## - SUBJECT ADDED ENTRY--TOPICAL TERM
Topical term or geographic name as entry element B.Tech(CE)
942 ## - ADDED ENTRY ELEMENTS (KOHA)
Source of classification or shelving scheme Dewey Decimal Classification
Koha item type Text Books
Holdings
Withdrawn status Lost status Source of classification or shelving scheme Damaged status Not for loan Collection code Home library Current library Date acquired Source of acquisition Cost, normal purchase price Bill Number Total Checkouts Full call number Acc. no. / Barcode Date last seen Bill Date Koha item type Date last borrowed
    Dewey Decimal Classification     B.Tech(CE) PIET C-LIBRARY PIET C-LIBRARY 06/07/2012 IBH, New Delhi 225.00 4873   691 VAB 19565 04/12/2019 03/07/2012 Text Books  
    Dewey Decimal Classification     B.Tech(CE) PIET C-LIBRARY PIET C-LIBRARY 06/07/2012 IBH, New Delhi 225.00 4873   691 VAB 19566 04/12/2019 03/07/2012 Text Books  
    Dewey Decimal Classification     B.Tech(CE) PIET C-LIBRARY PIET C-LIBRARY 06/07/2012 IBH, New Delhi 225.00 4873 2 691 VAB 19567 09/01/2023 03/07/2012 Text Books 26/12/2022
    Dewey Decimal Classification     B.Tech(CE) PIET C-LIBRARY PIET C-LIBRARY 06/07/2012 IBH, New Delhi 225.00 4873   691 VAB 19568 04/12/2019 03/07/2012 Text Books  
    Dewey Decimal Classification     B.Tech(CE) PIET C-LIBRARY PIET C-LIBRARY 06/07/2012 IBH, New Delhi 225.00 4873   691 VAB 19569 04/12/2019 03/07/2012 Text Books  

Design & Developed by: PIET Central Library
R70 Miles Stone Pattikalyana Samalkha Panipat 132102
mail ID :- [email protected], Phone No:- 0180-2569700 Ex.216